|
|
|
|
| LEADER |
00000nam0a2200000 4500 |
| 001 |
12 |
| 005 |
20231030172105.0 |
| 010 |
|
|
|a 588201011X
|
| 035 |
|
|
|a (RuTPU)RU\TPU\book\12
|
| 035 |
|
|
|a BOOK00000012
|
| 090 |
|
|
|a 12
|
| 100 |
|
|
|a 20011209d1995 km y0rusy50 ca
|
| 101 |
1 |
|
|a rus
|c eng
|
| 102 |
|
|
|a RU
|
| 105 |
|
|
|a a g 000zy
|
| 200 |
1 |
|
|a Справочник пользователя IBM PC
|f пер. с англ.
|f П. Нортон, Р. Джордейн
|
| 210 |
|
|
|a Москва
|c Компьютер
|c ЮНИТИ
|d 1995
|
| 215 |
|
|
|a 528 с.
|c ил.
|
| 610 |
1 |
|
|a персональные компьютеры
|
| 610 |
1 |
|
|a персональные электронные вычислительные машины
|
| 610 |
1 |
|
|a ПЭВМ
|
| 610 |
1 |
|
|a справочники
|
| 675 |
|
|
|a 681.3-181.4(035)
|v 3
|
| 700 |
|
1 |
|a Нортон
|b П.
|g Питер
|
| 701 |
|
1 |
|a Джордейн
|b Р.
|g Роберт
|
| 801 |
|
0 |
|a RU
|b 63413507
|c 20011209
|g PSBO
|
| 801 |
|
2 |
|a RU
|b 63413507
|c 20160212
|g PSBO
|
| 900 |
|
|
|a Информатика
|
| 942 |
|
|
|c BK
|